| 000 | 00806nam a2200217 a 4500 | ||
|---|---|---|---|
| 001 | 000042743 | ||
| 005 | 20201002040350.0 | ||
| 008 | 140206s1991 sp 000 0 spa d | ||
| 020 | _a8423320359 | ||
| 040 |
_aDO-SdBNP _bspa _cBNPHU |
||
| 100 | 1 |
_aRubert de Ventós, Xavier, _d1939- _970059 |
|
| 240 | 1 | 0 |
_aCortesà i el seu fantasma. Spanish _leng |
| 245 | 1 | 3 |
_aEl Cortesano y su fantasma / _cXavier Rubert de Ventós ; traducción de Mercè Rius. |
| 260 |
_aBarcelona : _bDestino, _c1991. |
||
| 300 |
_a260 p. ; _c21 cm. |
||
| 490 | 1 |
_aÁncora y delfín _v671 |
|
| 500 | _aIncluye datos biográficos del autor en la solapa de la cubierta | ||
| 500 | _aIncluye referencias bibliográficas y notas al pie de las páginas | ||
| 700 | 1 | 2 |
_aRius, Mercè _etr. _970060 |
| 830 | 0 |
_aÁncora y delfín _n671 _970061 |
|
| 999 |
_c42232 _d42232 |
||